Arqueología de la arqueología : ensayos sobre los orígenes de la disciplina en México /

Saved in:
நூற்பட்டியல் விவரங்கள்
தலைமை எழுத்தாளர்: López Luján, Leonardo, (Author)
வடிவம்: புத்தகம்
மொழி:Spanish
வெளியீடப்பட்டது: Ciudad de México : Instituto Nacional de Antropología e Historia : Editorial Raíces, 2017.
பதிப்பு:Primera edición.
தொகுதி:Arqueología mexicana.
பகுதிகள்:
குறியீடுகள்: குறிச்சொல் இணை
குறியீடுகள் இல்லை, இந்த குறிச்சொல்லை முதலில் பதிவு செய்யுங்கள்!
LEADER 04732cam a2200469 i 4500
001 13075006
005 20180214091039.0
008 180104s2017 mx a b 000 0 spa c
035 |a (OCoLC)on1018382618 
040 |a H7K  |b eng  |e rda  |c H7K  |d OCLCO  |d IQU  |d OCLCF 
020 |a 6079100371  |q (Raices) 
020 |a 9786079100377  |q (Raices) 
020 |a 6074849862  |q (INAH) 
020 |a 9786074849868  |q (INAH) 
035 |a (OCoLC)1018382618 
041 |a spa 
042 |a pcc 
043 |a n-mx--- 
050 4 |a F1219  |b L67 2017 
049 |a ZCUA 
100 1 |a López Luján, Leonardo,  |e author. 
245 1 0 |a Arqueología de la arqueología :  |b ensayos sobre los orígenes de la disciplina en México /  |c Leonardo López Luján. 
250 |a Primera edición. 
264 1 |a Ciudad de México :  |b Instituto Nacional de Antropología e Historia :  |b Editorial Raíces,  |c 2017. 
300 |a 335 pages :  |b illustrations (some color) ;  |c 25 cm. 
336 |a text  |b txt  |2 rdacontent 
337 |a unmediated  |b n  |2 rdamedia 
338 |a volume  |b nc  |2 rdacarrier 
490 1 |a Arqueología mexicana 
504 |a Includes bibliographical references. 
505 8 |a Introducción / Enrique Vela -- Arqueología de la arqueología. De la época prehispánica al siglo XVIII / Leonardo López Luján -- Más reliquias teotihuacanas en ofrendas de Tenochtitlan / Leonardo López Luján, Amaranta Argüelles, Saburo Sugiyama -- El "chacmool" tolteca de la Casa del Apartado. Imitación, reúso y legitimidad / Leonardo López Luján, Alfredo López Austin, José María García -- El "coatepantli" de Tenochtitlan. Historia de un malentendido / Leonardo López Luján, Alfredo López Austin -- El "Códice de Teotenantzin" y las imágenes prehispánicas de la Sierra de Guadalupe, México / Leonardo López Luján, Xavier Noguez -- Noticias de Herculano. Las primeras publicaciones mexicanas de arqueología / Leonardo López Luján -- El Tajín en el siglo XVIII. Dos exploraciones pioneras en Veracruz / Leonardo López Luján -- La arqueología del Epiclásico en el Centro de México / Leonardo López Luján -- Los expedicionarios de Malaspina llegan a Teotihuacán (1791) / Leonardo López Luján, Saburo Sugiyama -- El ídolo sin pies ni cabeza. La Coatlicue a fines del siglo XVIII / Leonardo López Luján -- "El adiós y triste queja del gran Calendario Azteca". El incesante peregrinar de la Piedra del Sol / Leonardo López Luján -- La historia póstuma de la Piedra de Tízoc / Alfredo López Austin, Leonardo López Luján -- Antonio de León y Gama y los dibujos extraviados de la "Descripción histórica y cronológica de las dos piedras" / Leonardo López Luján, Marie-France Fauvet-Berthelot -- La Piedra de la Librería Porrúa y los orígenes de la arqueología mexica / Leonardo López Luján -- Las "correrías particulares" del capitán Guillermo Dupaix / Leonardo López Luján, Sonia Arlette Pérez -- El jaguar mexica de la calle Emiliano Zapataen Ciudad de México / Leonardo López Luján, Gabriela Sánchez Reyes -- El capitán Guillermo Dupaix y su "Álbum arqueológico de 1794" / Leonardo López Luján -- El Hacha Humboldt.Un objeto ritual olmeca tallado en jadeitita / Leonardo López Luján, Maria Gaida -- La Isla de Sacrificios y la arqueología en los albores del México independiente / Leonardo López Luján -- Espionaje y arqueología. La misión imposible de Tomás Murphy / Leonardo López Luján, Marie-France Fauvet-Berthelot -- Las otras imágenes de Coyolxauhqui / Leonardo López Luján -- La arqueología mesoamericana en la obra de Nebel / Leonardo López Luján -- El insólito caso de la "Piedra Pintada" / Eduardo Matos Moctezuma, Leonardo López Luján -- La Piedra del Sol ¿en París? / Marie-France Fauvet-Berthelot, Leonardo López Luján -- Édouard Pingret, un coleccionista europeode mediados del siglo XIX / Marie-France Fauvet-Berthelot, Leonardo López Luján -- Una pirámide veracruzana para la Estatua de la Libertad / Leonardo López Luján -- La Señora de Chalma / Leonardo López Luján, Laura Filloy Nadal. 
546 |a In Spanish. 
650 0 |a Archaeological surveying  |z Mexico  |x History. 
650 0 |a Indians of Mexico  |x Antiquities. 
651 0 |a Mexico  |x Antiquities. 
650 7 |a Antiquities.  |2 fast  |0 (OCoLC)fst00810745 
650 7 |a Archaeological surveying.  |2 fast  |0 (OCoLC)fst00812919 
650 7 |a Indians of Mexico  |x Antiquities.  |2 fast  |0 (OCoLC)fst00969517 
651 7 |a Mexico.  |2 fast  |0 (OCoLC)fst01211700 
655 7 |a History.  |2 fast  |0 (OCoLC)fst01411628 
830 0 |a Arqueología mexicana. 
852 0 0 |b fax4off  |h F1219  |i .L675 2017g